| 000 | 00714nam a2200217Ii 4500 | ||
|---|---|---|---|
| 003 | JO-AjNU | ||
| 008 | 230605s9999||||xx |||||||||||||| ||und|| | ||
| 017 | _a2008/7/2297 | ||
| 040 |
_aJO-AjNU _bara _erda _cJO-AjNU |
||
| 041 | _aara | ||
| 050 | 1 | 4 | _aHD30.213.A456.2009 |
| 100 | 3 |
_aأحمد،محمد سمير, _eauthor _927385 |
|
| 245 | 0 | 0 | _aالادارة الالكترونية |
| 250 | _aط1 | ||
| 264 | 3 | 1 | _aعمان:دار المسيرة للنشر والتوزيع،2009 |
| 300 |
_a311ص _bببليوجرافية:ص311 |
||
| 336 |
_atext _btxt _2rdacontent |
||
| 337 |
_aunmediated _bn _2rdamedia |
||
| 338 |
_avolume _bnc _2rdacarrier |
||
| 650 | 4 |
_aالادارة-معالجة البيانات _927386 |
|
| 999 |
_aA10496 _c14064 _d14064 |
||